[Event "Wch U14 blitz"]
[Site "Batumi"]
[Date "2023.06.10"]
[Round "6"]
[White "Muradyan, Artur"]
[Black "Hovakimyan, Vache"]
[Result "1-0"]
[WhiteElo "1651"]
[BlackElo "1909"]
[PlyCount "93"]
[EventDate "2023.06.10"]
[EventType "swiss (blitz)"]
[EventRounds "11"]
[EventCountry "GEO"]
[SourceTitle "EXT 2024"]
[Source "ChessBase"]
[SourceDate "2023.10.10"]
[SourceVersion "1"]
[SourceVersionDate "2023.10.10"]
[SourceQuality "1"]
[WhiteTeam "Armenia"]
[BlackTeam "Armenia"]
[WhiteTeamCountry "ARM"]
[BlackTeamCountry "ARM"]

1. d4 Nf6 2. Nc3 d5 3. Bf4 a6 4. e3 e6 5. g4 Bd6 6. Nh3 c5 7. g5 Ng8 8. Bg2 cxd4 9. Qxd4 f6 10. Bxd6 Qxd6 11. 0-0-0 Nc6 12. Qb6 fxg5 13. Bxd5 Nf6 14. Bxc6+ Qxc6 15. Qd8+ Kf7 16. Qxh8 h6 17. Qd8 e5 18. Nd5 Nxd5 19. Qxd5+ Qxd5 20. Rxd5 Bxh3 21. Rhd1 Re8 22. c4 Re7 23. Kc2 Kf6 24. Rd6+ Kf5 25. Rd7 Re6 26. Rxb7 g6 27. f3 g4 28. Rf7+ Kg5 29. f4+ exf4 30. exf4+ Kh4 31. c5 g3 32. hxg3+ Kxg3 33. Rd6 Re2+ 34. Kc3 Bf5 35. c6 h5 36. Rxf5 gxf5 37. c7 Re1 38. Kc2 Re2+ 39. Rd2 Re8 40. Rd8 Re2+ 41. Kd3 Re1 42. c8Q Rd1+ 43. Ke2 Rb1 44. Rg8+ Kh2 45. Qc3 h4 46. Qc2 Ra1 47. Kf3+ 1-0